| 000 | 00689nam a22002057a 4500 | ||
|---|---|---|---|
| 003 | OSt | ||
| 005 | 20260126041246.0 | ||
| 008 | 260126b |||||||| |||| 00| 0 eng d | ||
| 020 | _a0-9633624-1-0. | ||
| 040 |
_aDWCL-Main lib _cOC |
||
| 082 | _aCirc. 973.928 Ey97 1993 | ||
| 100 | _aHeagerly, Leo E. | ||
| 245 |
_aEyes on the President George Bush : _bHistory in essays and cartoons _cHegearly, Leo E. |
||
| 260 |
_aCalif. : _bChronos Publishing, _cc1993. |
||
| 300 |
_aiii, 277 pages : _billustration ; _c21 cm. |
||
| 650 | _a1. American wit and humor. | ||
| 650 | _a2. Bush, George, 1924-Caricatures and cartoons. | ||
| 650 | _a3. Bush, Goerge, 1924- | ||
| 942 |
_2ddc _cBK-CIRC _kCirc. _n0 |
||
| 999 |
_c7791 _d7791 |
||